000
00330pab a2200133 454500
008
180718b1996 xxu||||| |||| 00| 0 eng d
100
_a
Yunker, James A.
245
_a
Optimal income taxation: liner versus quadratic
260
_c
1996
300
_a
p.476-92
650
_a
Income tax
773
_a
Public Finance
909
_a
40342
999
_c
40342
_d
40342